00356nam a2200109Ia 4500008004100000082000800041100005500049245002600104942000600130952009500136999001500231240331s9999 xx 000 0 und d bREM aThiruchandran S, Udagama Dand ,Wickremasinghe S, d 0aRemembering Bernadeen cL 001040708LaWERCLbWERCLcSSCd2024-03-31l0o 920 REMp6529r2024-03-31w2024-03-31yL c4414d4414